Statistics for All Official Names of Azerbaijan

Click here to take the quiz!

General Stats

  • This quiz has been taken 8 times
  • The average score is 5 of 10

Answer Stats

YearsNames of Azerbaijan% Correct
1920-1922Azerbaijan Socialist Soviet Republic
86%
1936-1991Azerbaijan Soviet Socialist Republic
86%
1991-Republic of Azerbaijan
86%
1991Soviet Republic of Azerbaijan
86%
1922-1936Transcaucasian Socialist Federative Soviet Republic
86%
1918-1920Azerbaijan Democratic Republic
43%
1801-1917Caucasus Viceroyalty
14%
1917Special Transcaucasian Committee
14%
1917-1918Transcaucasian Commissariat
14%
1918Transcaucasian Democratic Federative Republic
14%

Score Distribution

Percentile by Number Answered

Percent of People with Each Score

Your Score History

You have not taken this quiz